000 00815nam a2200217Ia 4500
003 GCL
005 20240530105307.0
008 140319s9999 xx 000 0 ara d
040 _aGCL /
_cGCL
082 0 4 _a956.04
_bل س
100 1 _aليلى بارودى
245 1 0 _aالسياسة الامريكية فى الشرق الاوسط :
_b نيكسون - فورد - كارتر - ريغان /
_cاشرف على اعداده ليلى بارودى ، مروان بحيرى
250 _aط1
260 _aقبرص :
_bمؤسسة الدراسات الفلسطينية ،
_c1984
300 _a274 ص؛
_c20 سم
490 _aسلسلة الدراسات
_v67
650 0 4 _aالشرق الاوسط
650 0 4 _aالسياسة الامريكية
700 1 _aمروان بحيرى
_eاعداد
942 _2ddc
_cBK
999 _c54681
_d54681